Industry corruption? (Record no. 117884)

MARC details
000 -LEADER
fixed length control field 01015cam a2200205 4500
001 - CONTROL NUMBER
control field WB@3612-28
008 - FIXED-LENGTH DATA ELEMENTS--GENERAL INFORMATION
fixed length control field 040824n2004 000 0 eng u
035 ## - SYSTEM CONTROL NUMBER
System control number (Sirsi) u127142
245 ## - TITLE STATEMENT
Title Industry corruption?
260 ## - PUBLICATION, DISTRIBUTION, ETC.
Date of publication, distribution, etc. 2004
490 ## - SERIES STATEMENT
Series statement New Civil Engineer
Volume/sequential designation (1544) 19/26 August 2004 (6)
520 ## - SUMMARY, ETC.
Summary, etc. Pricewaterhouse Coopers has produced its "Economic crime in the construction industry" report. It shows that corruption in the construction industry is far less common than company executives think. The report found that almost a third of respondents cited corruption as a problem, while only 9% reported that crimes had occurred. Internal theft emerged as the most common crime committed. The report's findings are based on interviews with personnel at 184 firms around the world and can be viewed at: http://www.pwc.com.
590 ## - LOCAL NOTE (RLIN)
Local note WB
590 ## - LOCAL NOTE (RLIN)
Local note WB
650 ## - SUBJECT ADDED ENTRY--TOPICAL TERM
Topical term or geographic name entry element BRIBERY
650 ## - SUBJECT ADDED ENTRY--TOPICAL TERM
Topical term or geographic name entry element CORRUPTION
650 ## - SUBJECT ADDED ENTRY--TOPICAL TERM
Topical term or geographic name entry element CONSTRUCTION INDUSTRY
690 ## - LOCAL SUBJECT ADDED ENTRY--TOPICAL TERM (OCLC, RLIN)
Topical term or geographic name as entry element BUILDING AND CONSTRUCTION
942 ## - ADDED ENTRY ELEMENTS (KOHA)
Suppress in OPAC 0
Holdings
Withdrawn status Lost status Source of classification or shelving scheme Damaged status Not for loan Home library Current library Shelving location Date acquired Total Checkouts Full call number Barcode Date last seen Copy number Price effective from Koha item type
    Dewey Decimal Classification     London London News article 24/08/2004   WB4033-01 127142-1001 06/08/2019 1 06/08/2019 News article